00466 2200169 4500001002100000005001500021008004100036020002200077035001900099041000700118082001100125090001700136100004300153245004500196260003100241300002400272INLIS00000000002023320241224115842241224||||||||| | ||| |||| || |  a978-602-1579-17-6 0010-1224020233 aid0 a616.02 a616.02 NIL p0 aNILUH SWASANTI & WINKANDA SATRIA PUTRA00aPERTOLONGAN PERTAMA PADA KEDARURATAN P3K adepokbAR-Ruzz Mediac2015 a148 hlm.;15 x 23 cm